000 00250nam a2200097Ia 4500
001 734400
005 20250826163833.0
008 250824s9999 xx 000 0 und d
245 0 _aABDÜLHAMİD İN DERİN DEVLETİ
_cMETİN HASIRCI
260 _bYEDİVEREN
999 _c734400
_d734400